[Event "Heusenstamm Schloss op"]
[Site "Heusenstamm"]
[Date "2023.11.25"]
[Round "4"]
[White "Woestmann, Ulrich"]
[Black "Klein, Deniz"]
[Result "1/2-1/2"]
[WhiteElo "1937"]
[BlackElo "1565"]
[PlyCount "58"]
[EventDate "2023.11.23"]
[EventType "swiss"]
[EventRounds "7"]
[EventCountry "GER"]
[SourceTitle "CB50_2023"]
[SourceDate "2023.12.13"]
[SourceVersion "1"]
[SourceVersionDate "2023.12.13"]
[SourceQuality "1"]

1. e4 c5 2. Nc3 Nc6 3. g3 d6 4. Bg2 g6 5. f4 Bg7 6. d3 e6 7. Nf3 Nge7 8. 0-0 0-0 9. h3 f5 10. Kh2 Rb8 11. Ne2 b5 12. Be3 a5 13. c3 b4 14. Rb1 Ba6 15. Re1 fxe4 16. dxe4 Bc4 17. cxb4 Nxb4 18. Nc1 Bxa2 19. Nxa2 Nxa2 20. Re2 Qb6 21. Ra1 Nb4 22. Rd2 d5 23. exd5 exd5 24. Re2 Nf5 25. Bf2 d4 26. Ne5 Qc7 27. Qa4 Rfe8 28. Rae1 Bxe5 29. Rxe5 Rf8 1/2-1/2

[Event "Heusenstamm Schloss op"]
[Site "Heusenstamm"]
[Date "2022.11.19"]
[Round "5"]
[White "Vihan, Shourya"]
[Black "Woestmann, Ulrich"]
[Result "1/2-1/2"]
[WhiteElo "1661"]
[BlackElo "1991"]
[PlyCount "105"]
[EventDate "2022.11.17"]
[EventType "swiss"]
[EventRounds "7"]
[EventCountry "GER"]
[SourceTitle "CBM 212 Extra"]
[Source "ChessBase"]
[SourceDate "2023.03.31"]
[SourceVersion "1"]
[SourceVersionDate "2023.03.31"]
[SourceQuality "1"]

1. d4 Nf6 2. c4 g6 3. Nc3 d5 4. cxd5 Nxd5 5. e4 Nxc3 6. bxc3 Bg7 7. Be3 0-0 8. Bc4 c5 9. Ne2 Nd7 10. 0-0 Qc7 11. Bd3 b6 12. f3 Bb7 13. Qd2 Rad8 14. Rac1 e6 15. Rfd1 c4 16. Bb1 Nf6 17. Bf4 Qc8 18. Bg5 Rd7 19. e5 Nd5 20. Be4 f6 21. exf6 Nxf6 22. Bxb7 Qxb7 23. Bxf6 Bxf6 24. Qe3 Re7 25. f4 Qd5 26. g3 g5 27. Rf1 h6 28. Qf3 Qxf3 29. Rxf3 g4 30. Re3 b5 31. Kg2 Kf7 32. Re1 a5 33. a3 Rb8 34. Rc1 Rc7 35. h3 h5 36. hxg4 hxg4 37. Rc2 Be7 38. Ra2 Bd6 39. Nc1 Kf6 40. Re1 Rh7 41. Rh1 Rxh1 42. Kxh1 Kf5 43. Kg2 Ke4 44. Re2+ Kd5 45. Ra2 b4 46. axb4 axb4 47. cxb4 Rxb4 48. Ne2 Rb3 49. Ra5+ Kc6 50. Rg5 c3 51. d5+ Kd7 52. dxe6+ Ke7 53. Nxc3 1/2-1/2

[Event "Muenster op-A 39th"]
[Site "Muenster"]
[Date "2022.10.08"]
[Round "9"]
[White "De Roda Husman, Juan"]
[Black "Woestmann, Ulrich"]
[Result "1/2-1/2"]
[WhiteElo "2288"]
[BlackElo "1992"]
[PlyCount "75"]
[EventDate "2022.10.01"]
[EventType "swiss"]
[EventRounds "9"]
[EventCountry "GER"]
[SourceTitle "EXT 2023"]
[Source "ChessBase"]
[SourceDate "2022.10.05"]
[SourceVersion "1"]
[SourceVersionDate "2022.10.05"]
[SourceQuality "1"]

1. e4 c5 2. Nf3 d6 3. d4 cxd4 4. Nxd4 Nf6 5. Nc3 a6 6. h3 e5 7. Nde2 h5 8. g3 b5 9. Bg2 Bb7 10. Bg5 Be7 11. Bxf6 Bxf6 12. 0-0 Qb6 13. a4 Nd7 14. Nd5 Bxd5 15. Qxd5 Rc8 16. axb5 axb5 17. Qd2 Be7 18. Nc3 Nf6 19. Na2 0-0 20. c3 Rc4 21. Qe2 Ra4 22. Nb4 Rfa8 23. Rad1 g6 24. h4 Kg7 25. Rfe1 R4a5 26. Qd2 R8a7 27. Bf3 Ra8 28. Kg2 Qb7 29. Qe3 Bf8 30. Rc1 Be7 31. Bd1 Ra1 32. Bb3 Rxc1 33. Qxc1 Qb6 34. Qd2 Qc5 35. Qe2 Ra7 36. Rd1 Bd8 37. Nd5 Rb7 38. Nxf6 1/2-1/2

[Event "Heusenstamm Sparkassen op-A 7th"]
[Site "Heusenstamm"]
[Date "2021.11.21"]
[Round "6.41"]
[White "Nemitz, Alfred"]
[Black "Woestmann, Ulrich"]
[Result "1/2-1/2"]
[WhiteElo "1463"]
[BlackElo "2000"]
[PlyCount "73"]
[EventDate "2021.11.18"]
[EventType "swiss"]
[EventRounds "7"]
[EventCountry "GER"]
[SourceTitle "EXT 2023"]
[Source "ChessBase"]
[SourceDate "2022.10.05"]
[SourceVersion "1"]
[SourceVersionDate "2022.10.05"]
[SourceQuality "1"]

1. d4 d6 2. Nf3 c6 3. c4 Qc7 4. Nc3 e5 5. e4 Nf6 6. Be2 Be7 7. h3 h6 8. Be3 Nbd7 9. Qd2 b6 10. g4 Nf8 11. 0-0-0 Bd7 12. Kb1 Ng6 13. Ne1 0-0-0 14. Nd3 Nh7 15. f4 exf4 16. Nxf4 Nxf4 17. Bxf4 Bg5 18. h4 Bxf4 19. Qxf4 f6 20. Bf3 Nf8 21. Ne2 Kb8 22. Qe3 Ng6 23. g5 hxg5 24. hxg5 Nh4 25. gxf6 gxf6 26. Qf4 Nxf3 27. Qxf3 Rhf8 28. Ng3 Qc8 29. Nf5 Bxf5 30. exf5 d5 31. Qf4+ Qc7 32. Qxc7+ Kxc7 33. Rh7+ Rd7 34. Rxd7+ Kxd7 35. cxd5 cxd5 36. Rg1 Rf7 37. Kc2 1/2-1/2

[Event "Muensterland op 38th"]
[Site "Muenster"]
[Date "2021.10.09"]
[Round "2"]
[White "Woestmann, Ulrich"]
[Black "Huber, Benedikt"]
[Result "1/2-1/2"]
[WhiteElo "1985"]
[BlackElo "2271"]
[PlyCount "80"]
[EventDate "2021.10.08"]
[EventType "swiss"]
[EventRounds "9"]
[EventCountry "GER"]
[SourceTitle "EXT 2023"]
[Source "ChessBase"]
[SourceDate "2022.10.05"]
[SourceVersion "1"]
[SourceVersionDate "2022.10.05"]
[SourceQuality "1"]

1. e4 c5 2. Nc3 e6 3. g3 d5 4. exd5 exd5 5. d4 Nc6 6. Bb5 a6 7. Bxc6+ bxc6 8. Qe2+ Be7 9. Nf3 Nf6 10. Ne5 Bb7 11. dxc5 0-0 12. Be3 d4 13. 0-0-0 Bxc5 14. Qc4 Qe7 15. Bxd4 Bxd4 16. Qxd4 c5 17. Qf4 Bxh1 18. Rxh1 Rfe8 19. Re1 Qc7 20. Re3 Rad8 21. b3 h5 22. Kb2 Ng4 23. Nxg4 Qxf4 24. gxf4 hxg4 25. Rg3 Rd2 26. Rxg4 Rxf2 27. h4 f5 28. Rg5 Rxf4 29. Nd5 Ree4 30. Nf6+ Kf7 31. Nxe4 fxe4 32. Rxc5 Rxh4 33. Kc3 Rh6 34. Kd4 Re6 35. Ke3 Kf6 36. Rc8 g5 37. c4 Ke5 38. Rg8 Kf5 39. c5 Rh6 40. Kd4 Re6 1/2-1/2

[Event "Ruhrgebiet Verbandsliga Gruppe 1 1819"]
[Site "Nordrheinwestfalen"]
[Date "2019.03.24"]
[Round "8.5"]
[White "Woestmann, Ulrich"]
[Black "Blome, Simon"]
[Result "1/2-1/2"]
[WhiteElo "1967"]
[BlackElo "1879"]
[PlyCount "50"]
[EventDate "2018.09.23"]
[EventType "team-tourn"]
[EventRounds "9"]
[EventCountry "GER"]
[SourceTitle "EXT 2022"]
[Source "ChessBase"]
[SourceDate "2021.10.06"]
[SourceVersion "1"]
[SourceVersionDate "2021.10.06"]
[SourceQuality "1"]
[WhiteTeam "Ahlen SV"]
[BlackTeam "Bochum SG III"]
[WhiteTeamCountry "GER"]
[BlackTeamCountry "GER"]

1. b3 e5 2. Bb2 Nc6 3. e3 g6 4. Bb5 Nge7 5. Nf3 Bg7 6. 0-0 0-0 7. d4 e4 8. Nfd2 d5 9. c4 f5 10. cxd5 Nb4 11. d6 cxd6 12. Nc3 Be6 13. Rc1 Rc8 14. Ba3 Qa5 15. Nc4 Bxc4 16. Bxb4 Qxb4 17. Bxc4+ Kh8 18. Qd2 d5 19. Be2 a5 20. Qb2 Rc6 21. a3 Qd6 22. Nb5 Qb8 23. b4 axb4 24. Qxb4 Rfc8 25. Rxc6 Nxc6 1/2-1/2

[Event "Muenster op 36th"]
[Site "Muenster"]
[Date "2018.10.13"]
[Round "2"]
[White "Knudsen, Simon"]
[Black "Woestmann, Ulrich"]
[Result "1-0"]
[WhiteElo "2208"]
[BlackElo "2036"]
[PlyCount "95"]
[EventDate "2018.10.12"]
[EventType "swiss"]
[EventRounds "9"]
[EventCountry "GER"]
[SourceTitle "CBM 187 Extra"]
[Source "ChessBase"]
[SourceDate "2018.11.04"]
[SourceVersion "1"]
[SourceVersionDate "2018.11.04"]
[SourceQuality "1"]

1. e4 c5 2. Nf3 d6 3. d4 cxd4 4. Nxd4 Nf6 5. Nc3 a6 6. Be2 e5 7. Nf3 Be7 8. Bg5 Be6 9. 0-0 Nbd7 10. a4 Rc8 11. Re1 0-0 12. Bf1 Qb6 13. Qc1 Rfe8 14. a5 Qc6 15. Qd2 Nc5 16. Bxf6 Bxf6 17. Rad1 Na4 18. Nxa4 Qxa4 19. b3 Qc6 20. c4 Be7 21. h3 h6 22. Bd3 b6 23. axb6 Rb8 24. Ra1 Rxb6 25. Bc2 Ra8 26. Red1 Qc8 27. Ra2 Bxh3 28. gxh3 Qxh3 29. Qe3 Rc6 30. Nh2 Qh5 31. Qf3 Qg6+ 32. Qg4 Qf6 33. Nf1 Bd8 34. Ne3 Bb6 35. Qf5 Qh4 36. Nd5 Re8 37. Rd3 Re6 38. Rh3 Rg6+ 39. Kf1 Qd8 40. Rf3 Qe8 41. Rxa6 Rg5 42. Qh3 Bd8 43. Ra7 f6 44. Rg3 Bb6 45. Qd7 Qh5 46. Rxg5 Qxg5 47. Ra8+ Kh7 48. Qf5+ 1-0

[Event "Bad Woerishofen op 33rd"]
[Site "Bad Woerishofen"]
[Date "2017.03.14"]
[Round "5"]
[White "Valet, Richard"]
[Black "Woestmann, Ulrich"]
[Result "1-0"]
[WhiteElo "1971"]
[BlackElo "2077"]
[PlyCount "73"]
[EventDate "2017.03.10"]
[EventType "swiss"]
[EventRounds "9"]
[EventCountry "GER"]
[SourceTitle "EXT 2018"]
[Source "ChessBase"]
[SourceDate "2017.10.13"]
[SourceVersion "1"]
[SourceVersionDate "2017.10.13"]
[SourceQuality "1"]

1. e4 d6 2. Nc3 c6 3. d4 Qc7 4. f4 Nf6 5. Nf3 Bg4 6. h3 Bxf3 7. Qxf3 e6 8. Bd3 Nbd7 9. e5 Nd5 10. Nxd5 cxd5 11. 0-0 0-0-0 12. Be3 Kb8 13. Rac1 dxe5 14. fxe5 f6 15. c4 Qa5 16. cxd5 exd5 17. exf6 Nxf6 18. Bf4+ Bd6 19. Rc5 Qb4 20. Bxd6+ Rxd6 21. Qf4 Rhd8 22. Rfc1 a6 23. a3 Qb3 24. Bf5 Ka7 25. Rc7 Ne8 26. Re7 Rf6 27. Qe5 Nd6 28. Bg4 Qxb2 29. Rcc7 Qf2+ 30. Kh2 Rb8 31. Rxg7 Ne8 32. Rxb7+ Rxb7 33. Rxb7+ Kxb7 34. Qxd5+ Kc7 35. Qa5+ Rb6 36. Qc5+ Rc6 37. Qa7+ 1-0

[Event "Ruhrgebiet Regionalliga 1617"]
[Site "Germany"]
[Date "2017.02.26"]
[Round "7.5"]
[White "Sicars, Thorsten"]
[Black "Woestmann, Ulrich"]
[Result "1/2-1/2"]
[WhiteElo "1940"]
[BlackElo "2010"]
[PlyCount "94"]
[EventDate "2016.09.11"]
[EventType "team-tourn"]
[EventRounds "9"]
[EventCountry "GER"]
[SourceTitle "EXT 2022"]
[Source "ChessBase"]
[SourceDate "2021.10.06"]
[SourceVersion "1"]
[SourceVersionDate "2021.10.06"]
[SourceQuality "1"]
[WhiteTeam "Wattenscheid SV II"]
[BlackTeam "Ahlen SV"]
[WhiteTeamCountry "GER"]
[BlackTeamCountry "GER"]

1. d4 Nf6 2. Bg5 g6 3. Bxf6 exf6 4. c4 Bg7 5. Nc3 f5 6. e3 0-0 7. Nge2 b6 8. g3 Bb7 9. Nd5 c6 10. Ndc3 c5 11. d5 d6 12. Bg2 Nd7 13. Qc2 Ne5 14. b3 a6 15. a4 b5 16. axb5 axb5 17. Rxa8 Qxa8 18. Nxb5 Qa1+ 19. Kd2 Qa5+ 20. Nec3 Ba6 21. Ke2 Rb8 22. Rc1 Qb4 23. Qa2 Rb6 24. Kf1 Nxc4 25. bxc4 Bxc3 26. Rxc3 Bxb5 27. Rc1 Ba4 28. Kg1 Qb2 29. Qxb2 Rxb2 30. Ra1 Bb3 31. Bf1 Rc2 32. Ra8+ Kg7 33. Rd8 Bxc4 34. Bxc4 Rxc4 35. Rxd6 Rc1+ 36. Kg2 Rd1 37. Kf3 Kf8 38. Ke2 Ke7 39. Rc6 Rxd5 40. Rc7+ Ke6 41. Rc6+ Kd7 42. Rf6 Ke7 43. Rc6 h5 44. h4 Kd7 45. Rf6 Ke7 46. Rc6 Kd7 47. Rf6 Ke7 1/2-1/2

[Event "Ruhrgebiet Verbandsklasse Gruppe 3 1516"]
[Site "Germany"]
[Date "2015.11.29"]
[Round "4.1"]
[White "Schlueter, Christoph"]
[Black "Woestmann, Ulrich"]
[Result "1/2-1/2"]
[WhiteElo "1995"]
[BlackElo "2007"]
[PlyCount "135"]
[EventDate "2015.09.06"]
[EventType "team-tourn"]
[EventRounds "9"]
[EventCountry "GER"]
[SourceTitle "EXT 2022"]
[Source "ChessBase"]
[SourceDate "2021.10.06"]
[SourceVersion "1"]
[SourceVersionDate "2021.10.06"]
[SourceQuality "1"]
[WhiteTeam "Kirchhellen SF"]
[BlackTeam "Ahlen SV II"]
[WhiteTeamCountry "GER"]
[BlackTeamCountry "GER"]

1. c4 Nf6 2. Nc3 d5 3. cxd5 Nxd5 4. g3 g6 5. Bg2 Nxc3 6. bxc3 Bg7 7. Rb1 Nd7 8. d4 c5 9. e3 Qa5 10. Qd2 Nb6 11. Ne2 0-0 12. 0-0 Rd8 13. Qb2 Be6 14. Qa3 Qxa3 15. Bxa3 cxd4 16. cxd4 Bxa2 17. Rb2 Bd5 18. Bxe7 Bxg2 19. Kxg2 Rd7 20. Bc5 Na4 21. Rc2 Rc8 22. Ra2 Nxc5 23. dxc5 a6 24. Rc1 Rdc7 25. Rb1 Rxc5 26. Rxb7 Rc2 27. Rxc2 Rxc2 28. Rb8+ Bf8 29. Nd4 Ra2 30. g4 a5 31. g5 a4 32. Ra8 a3 33. Nc6 Kg7 34. Ne5 Bc5 35. Kf3 Bd6 36. Nc4 Bb4 37. Ra4 Be1 38. Rxa3 Rxf2+ 39. Ke4 Rxh2 40. Ne5 Bg3 41. Ng4 Rb2 42. Kf3 Bd6 43. Rd3 Be7 44. Rd5 Rb7 45. Kf4 Rb1 46. Nf2 Rc1 47. Kf3 Rc5 48. Rxc5 Bxc5 49. Ng4 Be7 50. Kf4 f6 51. gxf6+ Bxf6 52. e4 h5 53. Nf2 Kf7 54. Nh3 Ke6 55. Kf3 Be5 56. Ng5+ Kf6 57. Nh3 Bd6 58. Kg2 h4 59. Kf3 Bg3 60. Kg4 Ke5 61. Kf3 Be1 62. Ng5 Bd2 63. Nh3 Bc1 64. Nf2 Kf6 65. Kg4 Bd2 66. Nh3 Ke5 67. Kxh4 Kxe4 68. Kg4 1/2-1/2

[Event "Ruhrgebiet Verbandsklasse Gruppe 3 1516"]
[Site "Germany"]
[Date "2015.11.08"]
[Round "3.1"]
[White "Woestmann, Ulrich"]
[Black "Spiess, Timo"]
[Result "1/2-1/2"]
[WhiteElo "2007"]
[BlackElo "2100"]
[PlyCount "64"]
[EventDate "2015.09.06"]
[EventType "team-tourn"]
[EventRounds "9"]
[EventCountry "GER"]
[SourceTitle "EXT 2022"]
[Source "ChessBase"]
[SourceDate "2021.10.06"]
[SourceVersion "1"]
[SourceVersionDate "2021.10.06"]
[SourceQuality "1"]
[WhiteTeam "Ahlen SV II"]
[BlackTeam "Bochum SV II"]
[WhiteTeamCountry "GER"]
[BlackTeamCountry "GER"]

1. e4 c5 2. Nc3 a6 3. a4 e6 4. g3 d5 5. exd5 exd5 6. d4 cxd4 7. Qxd4 Nf6 8. Bg5 Nc6 9. Qe3+ Be6 10. Bxf6 Qxf6 11. Nxd5 Qxb2 12. Rd1 0-0-0 13. Bh3 Bb4+ 14. Kf1 Kb8 15. c4 Rhe8 16. Qb6 Bxd5 17. Rxd5 Qc1+ 18. Kg2 Qxc4 19. Rxd8+ Rxd8 20. Nf3 Qc2 21. Qe3 f6 22. Rc1 Qd3 23. Qb6 Ba5 24. Qb2 Qe4 25. Bf5 Qd5 26. Bd3 Nd4 27. Qxd4 Qxd4 28. Nxd4 Rxd4 29. Bxh7 Rxa4 30. Bf5 Bc7 31. Re1 b6 32. h4 Be5 1/2-1/2

[Event "NRW Verbandsliga Group1 1314"]
[Site "Nordrheinwestfalen"]
[Date "2013.11.03"]
[Round "3.6"]
[White "Woestmann, Ulrich"]
[Black "Tochtrop, Lothar"]
[Result "1-0"]
[WhiteElo "2018"]
[BlackElo "1776"]
[PlyCount "61"]
[EventDate "2013.09.08"]
[EventType "team-tourn"]
[EventRounds "9"]
[EventCountry "GER"]
[SourceTitle "EXT 2020"]
[Source "ChessBase"]
[SourceDate "2019.10.17"]
[SourceVersion "1"]
[SourceVersionDate "2019.10.17"]
[SourceQuality "1"]
[WhiteTeam "Ahlen SV"]
[BlackTeam "Bottrop SV"]
[WhiteTeamCountry "GER"]
[BlackTeamCountry "GER"]

1. e4 c5 2. c3 d6 3. d4 Nf6 4. d5 Nbd7 5. Qc2 e6 6. dxe6 fxe6 7. Nf3 Be7 8. Be2 Nb6 9. 0-0 0-0 10. a4 a5 11. Bg5 d5 12. e5 Ne4 13. Bxe7 Qxe7 14. Bd3 Bd7 15. Nbd2 Rf4 16. Nxe4 dxe4 17. Bxe4 Raf8 18. Rfe1 Nd5 19. Rad1 Rxf3 20. gxf3 Nf4 21. Kh1 Bc6 22. Bxh7+ Kh8 23. Be4 Rf5 24. Qd2 Rf8 25. Bxc6 bxc6 26. Re4 Qh4 27. Rg1 g5 28. Rg4 Qh3 29. Rexf4 Rxf4 30. Qd8+ Kh7 31. Qe7+ 1-0

[Event "Muensterland op 31st"]
[Site "Senden"]
[Date "2013.10.27"]
[Round "3"]
[White "Seegers, Hendrik"]
[Black "Woestmann, Ulrich"]
[Result "1-0"]
[WhiteElo "2222"]
[BlackElo "2031"]
[PlyCount "112"]
[EventDate "2013.10.27"]
[EventType "swiss"]
[EventRounds "9"]
[EventCountry "GER"]
[SourceTitle "EXT 2014"]
[Source "ChessBase"]
[SourceDate "2013.11.20"]
[SourceVersion "1"]
[SourceVersionDate "2013.11.20"]
[SourceQuality "1"]

1. d4 Nf6 2. Nf3 g6 3. c4 Bg7 4. Nc3 d5 5. e3 0-0 6. cxd5 Nxd5 7. Bc4 Nxc3 8. bxc3 c5 9. 0-0 Qc7 10. Qe2 Bg4 11. Ba3 Nd7 12. Rac1 Qa5 13. Qb2 Bxf3 14. gxf3 Nb6 15. Be2 cxd4 16. cxd4 Qg5+ 17. Kh1 Rfe8 18. Qb5 Qf6 19. f4 Qe6 20. Bf3 Rab8 21. Bxb7 Qxa2 22. Bc6 Nd7 23. Qa4 Nb6 24. Qxa7 Rec8 25. Bb7 Rd8 26. Ra1 Qe6 27. Bf3 Nd5 28. Bc5 Rb3 29. Ra6 Qf5 30. Bxe7 Re8 31. Ra3 Qd3 32. Rfa1 Nxe7 33. Rxb3 Qxb3 34. Qd7 Qb8 35. Kg2 Qc8 36. Qb5 Rf8 37. Ra8 Qe6 38. Ra6 Qc8 39. d5 Nf5 40. Be4 Nh4+ 41. Kg3 h5 42. h3 Nf5+ 43. Kg2 Rd8 44. Qa5 Re8 45. d6 Qd8 46. d7 Qxd7 47. Bc6 Qd1 48. Bxe8 Nxe3+ 49. Kg3 Nf5+ 50. Kh2 Qf3 51. Bxf7+ Kxf7 52. Qa2+ Kf8 53. Ra8+ Ke7 54. Ra7+ Kd6 55. Qa6+ Kc5 56. Rc7+ Kd4 1-0

[Event "Ruhrgebiet Regionalliga 1213"]
[Site "Nordrheinwestfalen"]
[Date "2013.02.10"]
[Round "6.6"]
[White "Reisberg, Andre"]
[Black "Woestmann, Ulrich"]
[Result "1/2-1/2"]
[WhiteElo "1950"]
[BlackElo "2022"]
[PlyCount "59"]
[EventDate "2012.09.09"]
[EventType "team-tourn"]
[EventRounds "9"]
[EventCountry "GER"]
[SourceTitle "EXT 2020"]
[Source "ChessBase"]
[SourceDate "2019.10.17"]
[SourceVersion "1"]
[SourceVersionDate "2019.10.17"]
[SourceQuality "1"]
[WhiteTeam "Brackel SF"]
[BlackTeam "Ahlen SV"]
[WhiteTeamCountry "GER"]
[BlackTeamCountry "GER"]

1. d4 Nf6 2. c4 g6 3. Nc3 d5 4. cxd5 Nxd5 5. Bd2 Bg7 6. e4 Nf6 7. Nf3 c6 8. h3 0-0 9. Be3 Qa5 10. Qc2 Nbd7 11. Be2 e5 12. Nxe5 Nxe5 13. dxe5 Qxe5 14. f4 Qa5 15. 0-0 b6 16. a3 b5 17. b4 Qa6 18. a4 Qb7 19. axb5 cxb5 20. e5 Bf5 21. Bd3 Bxd3 22. Qxd3 Rfd8 23. Qxb5 Qxb5 24. Nxb5 Nd5 25. Bc5 a6 26. Nd6 Nxf4 27. Nxf7 Kxf7 28. Rxf4+ Ke6 29. Re1 Rd5 30. Bd6 1/2-1/2